| 000 | 00617nam a2200193 i 4500 | ||
|---|---|---|---|
| 020 | _a2706806427 | ||
| 040 | _cDLC | ||
| 082 | 0 | 0 | _a338 MAI 1977 A010 Or. |
| 100 | 1 | _aRavignan, François de, | |
| 245 | 1 | 0 |
_aDécouvrir une agriculture vivrière : _bguide d'observation sur le terrain / |
| 260 |
_aParis : _bG.-P. Maisonneuve & Larose, _c1977. |
||
| 300 |
_a116 p. : _bill. ; _c24 cm. |
||
| 500 | _aAt head of title: Institut panafricain pour le développement. | ||
| 650 | 0 | _aAgriculture | |
| 650 | 0 | _aAgriculture | |
| 700 | 1 | _aBarbedette, Loic, | |
| 710 | 2 | _aPan African Institute for Development. | |
| 942 | _cFB | ||
| 999 |
_c13620 _d13620 |
||